Catálogo

Guyton and Hall : (Registro nro. 29141)

Detalles MARC
000 -LEADER
fixed length control field 01252nam a2200337 i 4500
001 - CONTROL NUMBER
control field 29141
003 - CONTROL NUMBER IDENTIFIER
control field Mx-PuUPA
005 - DATE AND TIME OF LATEST TRANSACTION
control field 20260206135800.0
008 - FIXED-LENGTH DATA ELEMENTS--GENERAL INFORMATION
fixed length control field 140415s2026 pauad fr 000 0 eng d
020 ## - INTERNATIONAL STANDARD BOOK NUMBER
International Standard Book Number 9780443111013
020 ## - INTERNATIONAL STANDARD BOOK NUMBER
International Standard Book Number 9780443281099
040 ## - CATALOGING SOURCE
Transcribing agency Mx-PuUPA
Original cataloging agency Mx-PuUPA
Language of cataloging spa
Modifying agency Mx-PuUPA
Description conventions rda
041 0# - LANGUAGE CODE
Language code of text/sound track or separate title eng
100 1# - MAIN ENTRY--PERSONAL NAME
Personal name Hall, John E.,
Fuller form of name (John Edward),
Dates associated with a name 1946-
Relator term autor
9 (RLIN) 634
245 10 - TITLE STATEMENT
Title Guyton and Hall :
Remainder of title textbook of medical physiology /
Statement of responsibility, etc. John E. Hall, Michael E. Hall
250 ## - EDITION STATEMENT
Edition statement 15th edition
264 #1 - PRODUCTION, PUBLICATION, DISTRIBUTION, MANUFACTURE, AND COPYRIGHT NOTICE
Place of production, publication, distribution, manufacture Philadelphia, PA :
Name of producer, publisher, distributor, manufacturer Elsevier,
Date of production, publication, distribution, manufacture, or copyright notice 2026
300 ## - PHYSICAL DESCRIPTION
Extent xix, 1162 páginas :
Other physical details ilustraciones, gráficas, diagramas (en color) ;
Dimensions 29 cm
336 ## - CONTENT TYPE
Fuente rdacontent
Content type term texto
Content type code txt
336 ## - CONTENT TYPE
Fuente rdacontent
Content type term imagen fija
Content type code sti
337 ## - MEDIA TYPE
Source rdamedia
Media type term sin medio
Media type code n
338 ## - CARRIER TYPE
Source rdacarrier
Carrier type term volumen
Carrier type code nc
650 #7 - SUBJECT ADDED ENTRY--TOPICAL TERM
Source of heading or term armarc
Topical term or geographic name entry element Fisiología humana
650 #7 - SUBJECT ADDED ENTRY--TOPICAL TERM
Source of heading or term armarc
Topical term or geographic name entry element Fisiolopatología
700 1# - ADDED ENTRY--PERSONAL NAME
Personal name Hall, Michael E.,
Relator term autor
942 ## - ADDED ENTRY ELEMENTS (KOHA)
Source of classification or shelving scheme Dewey Decimal Classification
Koha item type Libro
Classification part 612
Item part G86
Existencias
Withdrawn status Lost status Source of classification or shelving scheme Damaged status Not for loan Collection code Home library Current library Shelving location Date acquired Source of acquisition Cost, normal purchase price Total Checkouts Full call number Barcode Date last seen Date last checked out Cost, replacement price Price effective from Koha item type
    Dewey Decimal Classification     General Biblioteca Karol Wojtyla Biblioteca Karol Wojtyla Sala general 23/01/2026 2 3044.82 1 612 G86 2026 106276 05/06/2026 21/04/2026 3044.82 23/01/2026 Reserva permanente